01388nam a2200349Ia 4500001001200000003000800012006001900020007001500039008004100054010001700095020002800112020003500140020001800175020002600193040002100219035002100240050002400261100002800285245010400313260005800417300001500475490005000490504006400540533015200604650002400756650001200780650002300792655002900815710001700844830005100861856012600912ebr10579153CaPaEBRm u cr cn|||||||||040802s2005 nyu sb 001 0 eng d z 2004017949 z079146475X (alk. paper) z0791464768 (pbk. : alk. paper) z9780791464755 z9780791483176 (ebook) aCaPaEBRcCaPaEBR a(OCoLC)46144232614aBL1920b.M53 2005eb1 aMichael, Thomas,d1966-14aThe pristine Daoh[electronic resource] :bmetaphysics in early Daoist discourse /cThomas Michael. aAlbany :bState University of New York Press,cc2005. axi, 170 p.1 aSUNY series in Chinese philosophy and culture aIncludes bibliographical references (p. 163-166) and index. aElectronic reproduction.bPalo Alto, Calif. :cebrary,d2013.nAvailable via World Wide Web.nAccess may be limited to ebrary affiliated libraries. 0aCosmogony, Ancient. 0aTaoism. 0aTaoist philosophy. 7aElectronic books.2local2 aebrary, Inc. 0aSUNY series in Chinese philosophy and culture.40uhttp://site.ebrary.com/lib/rucke/Doc?id=10579153zAn electronic book accessible through the World Wide Web; click to view